अवकाशातील झेप / (Record no. 70800)

MARC details
000 -LEADER
fixed length control field 00984nam a22002297a 4500
005 - DATE AND TIME OF LATEST TRANSACTION
control field 20121010141910.0
008 - FIXED-LENGTH DATA ELEMENTS--GENERAL INFORMATION
fixed length control field 121010t xxu||||| |||| 00| 0 mar d
010 ## - LCCN (DPL NO)
LC control number MAR-22659
020 ## - INTERNATIONAL STANDARD BOOK NUMBER
International Standard Book Number 9788172949501
Terms of availability 50.00
035 ## - SYSTEM CONTROL NUMBER
System control number MR-15317
037 ## - SOURCE OF ACQUISITION
Source of stock number/acquisition DBAD/PUB
040 ## - CATALOGING SOURCE
Original cataloging agency DPL
Language of cataloging MR
082 ## - DEWEY DECIMAL CLASSIFICATION NUMBER
Classification number 523.1
100 ## - MAIN ENTRY--PERSONAL NAME
9 (RLIN) 53016
Personal name गवांदे, पुंडलिक
245 ## - TITLE STATEMENT
Title अवकाशातील झेप /
Statement of responsibility, etc पुंडलिक गवांदे
246 ## - VARYING FORM OF TITLE
Title proper/short title Avakashatil Zap
Remainder of title by Pundalik Gavande
260 ## - PUBLICATION, DISTRIBUTION, ETC. (IMPRINT)
Place of publication, distribution, etc पुणे
Name of publisher, distributor, etc दिलीपराज प्रकाशन
Date of publication, distribution, etc 2012
270 ## - ADDRESS
Address 251 क, शनिवार पेठ
City पुणे
Postal code 411030
300 ## - PHYSICAL DESCRIPTION
Extent 60पृ.
Dimensions 21सेमी(अजिल्द)
942 ## - ADDED ENTRY ELEMENTS (KOHA)
Source of classification or shelving scheme Dewey Decimal Classification
Item type Marathi Books
Classification part 523.1
Call number suffix गवांदे
Holdings
Withdrawn status Lost status Source of classification or shelving scheme Damaged status Not for loan Collection code Home library Current library Date acquired Source of acquisition Cost, normal purchase price Total Checkouts Full call number Barcode Date last seen Copy number Cost, replacement price Koha item type
    Dewey Decimal Classification   Not For Loan Non-fiction D.B.Act.Division D.B.Act.Division 10/10/2012 DBAD / PUB 50.00   523.1 गवांदे MR-15317 10/10/2012 1 50.00 Marathi Books

© Delhi Public Library
Hit Counter
free hit counter